[Event "SC Gronau 1 - Schach Nienberge 1"]
[Site "Regionalliga 2017/2018"]
[Date "2018.03.17"]
[Round "7.5"]
[White "Althoff, Franz"]
[Black "Langendijk, Andre"]
[Result "1-0"]
[WhiteElo "1974"]
[BlackElo "1926"]
[PlyCount "87"]
[EventDate "2018.??.??"]
[SourceDate "2017.09.15"]

1. Nf3 e6 2. d4 c5 3. e3 Nf6 4. c4 d5 5. Nc3 cxd4 6. exd4 Be7 7. Bd3 O-O 8. O-O
a6 9. c5 b6 10. cxb6 Qxb6 11. Bf4 Bd7 12. Rb1 Rc8 13. h3 Bb5 14. Re1 Nc6 15.
Nxb5 axb5 16. a3 b4 17. a4 b3 18. Ra1 Na5 19. Bb5 Ne4 20. Ne5 Nd6 21. Bd3 Nac4
22. Qh5 g6 23. Nxg6 hxg6 24. Bxg6 Qxd4 25. Be5 Qh4 26. Bxf7+ Nxf7 27. Qg6+ Kf8
28. Bg7+ Ke8 29. Qxe6 Rc7 30. a5 Qg5 31. Bf6 Qg6 32. Qxd5 Qxf6 33. Qxa8+ Nd8
34. Rad1 Rd7 35. Rxd7 Kxd7 36. Qd5+ Nd6 37. a6 Qxb2 38. a7 Bh4 39. g3 Bxg3 40.
fxg3 Qc3 41. a8=Q Qxe1+ 42. Kh2 b2 43. Qa7+ Ke8 44. Qg8# 1-0

[Event "SC Gronau 1 - Schach Nienberge 1"]
[Site "Regionalliga 2017/2018"]
[Date "2018.03.17"]
[Round "7.6"]
[White "Storck, Martin"]
[Black "Haas, Kai"]
[Result "1-0"]
[WhiteElo "1935"]
[BlackElo "1927"]
[PlyCount "85"]
[EventDate "2018.??.??"]
[SourceDate "2017.09.15"]

1. c4 e5 2. Nc3 d6 3. g3 g6 4. Bg2 Bg7 5. Nf3 Nf6 6. d4 Nbd7 7. O-O O-O 8. b3
Re8 9. dxe5 dxe5 10. Bb2 c6 11. Qc2 Qe7 12. e4 h6 13. Rad1 Nh7 14. Qc1 Bf8 15.
Ne1 Nc5 16. Ba3 Qg5 17. Qb2 Ne6 18. Nf3 Qf6 19. Ne2 Nc5 20. Ne1 Ne6 21. Nd3 Bg7
22. f4 exf4 23. e5 Qd8 24. gxf4 f6 25. Bd6 fxe5 26. Bxe5 Qe7 27. Ng3 Nc5 28.
Nxc5 Qxc5+ 29. Bd4 Bg4 30. Rd2 Bxd4+ 31. Qxd4 Qxd4+ 32. Rxd4 Rad8 33. Rxd8 Rxd8
34. h3 Bc8 35. Ne4 Kf7 36. c5 Nf8 37. Nd6+ Kf6 38. b4 h5 39. h4 Kg7 40. Re1 Kf6
41. Kf2 Ne6 42. Nxc8 Rxc8 43. Rxe6+ 1-0

[Event "SC Gronau 1 - Schach Nienberge 1"]
[Site "Regionalliga 2017/2018"]
[Date "2018.03.17"]
[Round "7.7"]
[White "Keller, Dirk"]
[Black "Reinhold, Klaus"]
[Result "1/2-1/2"]
[WhiteElo "1899"]
[BlackElo "1852"]
[PlyCount "55"]
[EventDate "2018.??.??"]
[SourceDate "2017.09.15"]

1. d4 d5 2. Nf3 Nf6 3. c4 c6 4. e3 e6 5. b3 Nbd7 6. Bb2 Bd6 7. Bd3 O-O 8. Nbd2
Re8 9. Ne5 Nf8 10. O-O Bxe5 11. dxe5 N6d7 12. f4 f5 13. exf6 Nxf6 14. Nf3 b6
15. Ne5 Bb7 16. Rf3 dxc4 17. bxc4 c5 18. Rg3 Be4 19. Qc2 Bxd3 20. Nxd3 Ng6 21.
Ne5 Nxe5 22. Bxe5 Qe7 23. Qb2 Kh8 24. e4 Rad8 25. a4 Rd7 26. a5 Red8 27. Rf1
bxa5 28. Qa1 1/2-1/2

[Event "SC Gronau 1 - Schach Nienberge 1"]
[Site "Regionalliga 2017/2018"]
[Date "2018.03.17"]
[Round "7.8"]
[White "Hoge, Torsten"]
[Black "Kemper, Georg"]
[Result "0-1"]
[WhiteElo "1890"]
[BlackElo "1924"]
[PlyCount "52"]
[EventDate "2018.??.??"]
[SourceDate "2017.09.15"]

1. e4 e6 2. d4 d5 3. Nd2 Nc6 4. Ngf3 Nf6 5. e5 Nd7 6. b3 f6 7. Bb2 fxe5 8. Nxe5
Ndxe5 9. dxe5 Bc5 10. Bd3 Qg5 11. O-O O-O 12. Nf3 Qh5 13. c4 Rd8 14. Qe2 Nb4
15. Bb1 dxc4 16. Qxc4 b6 17. g4 Qe8 18. Ng5 Ba6 19. Bxh7+ Kh8 20. Qe4 Bd3 21.
Qf3 Bxh7 22. Nf7+ Kg8 23. Nxd8 Rxd8 24. a3 Nd3 25. Bc3 Nxf2 26. Rxf2 Rd3 0-1

[Event "SK Münster 3 - SC Klein-Berlin Rheine 1"]
[Site "Regionalliga 2017/2018"]
[Date "2018.03.17"]
[Round "7.1"]
[White "Brümmer, Frank"]
[Black "Baumann, Stephan"]
[Result "1/2-1/2"]
[WhiteElo "2160"]
[BlackElo "2014"]
[PlyCount "65"]
[EventDate "2018.??.??"]
[SourceDate "2017.09.15"]

1. d4 Nf6 2. Nf3 c5 3. c3 e6 4. Bf4 d5 5. e3 Nc6 6. Nbd2 Bd6 7. Bg3 O-O 8. Bd3
Qe7 9. Ne5 Rd8 10. f4 Nd7 11. Nxd7 Qxd7 12. Nf3 Ne7 13. O-O f6 14. Qe2 c4 15.
Bc2 Qc7 16. Nd2 f5 17. Bh4 Rf8 18. Kh1 Ng6 19. Be1 Bd7 20. Nf3 Be7 21. Rg1 Bf6
22. g4 fxg4 23. Rxg4 e5 24. Rxg6 hxg6 25. dxe5 Be7 26. Nd4 Bf5 27. Bxf5 gxf5
28. Ne6 Qc6 29. Nxf8 Rxf8 30. Qg2 Bc5 31. Bf2 Rf7 32. Rg1 Rd7 33. Qg6 1/2-1/2

[Event "SK Münster 3 - SC Klein-Berlin Rheine 1"]
[Site "Regionalliga 2017/2018"]
[Date "2018.03.17"]
[Round "7.2"]
[White "Wingenfeld, Klaus"]
[Black "Ottens, Stephan"]
[Result "1-0"]
[WhiteElo "1864"]
[BlackElo "2116"]
[PlyCount "81"]
[EventDate "2018.??.??"]
[SourceDate "2017.09.15"]

1. d4 Nf6 2. c4 c5 3. Nf3 cxd4 4. Nxd4 e5 5. Nb5 d5 6. cxd5 Bc5 7. e3 a6 8.
N5c3 Qe7 9. Bd3 e4 10. Bxe4 O-O 11. Nd2 Nxe4 12. Ndxe4 Bb4 13. O-O f5 14. d6
Qf7 15. Ng5 Qc4 16. a3 Bxc3 17. bxc3 Rd8 18. a4 Nc6 19. Qd2 h6 20. Nf3 Be6 21.
Rd1 Rd7 22. Qd3 Rad8 23. Qxc4 Bxc4 24. Ba3 Be2 25. Rd5 g6 26. Ne5 Nxe5 27. Rxe5
b5 28. axb5 axb5 29. Bb4 Bc4 30. f3 Kf7 31. Kf2 Kf6 32. Re7 Rxd6 33. Bxd6 Rxd6
34. Re8 Rd2+ 35. Kg3 Kg5 36. h4+ Kh5 37. Kh3 Be2 38. Re5 g5 39. Rxf5 Kg6 40.
Rc5 Rd6 41. Ra8 1-0

[Event "SK Münster 3 - SC Klein-Berlin Rheine 1"]
[Site "Regionalliga 2017/2018"]
[Date "2018.03.17"]
[Round "7.3"]
[White "Langhanke, Günther"]
[Black "Hartmann, Steffen"]
[Result "1/2-1/2"]
[WhiteElo "1961"]
[BlackElo "1914"]
[PlyCount "36"]
[EventDate "2018.??.??"]
[SourceDate "2017.09.15"]

1. e4 c5 2. Nc3 e6 3. f4 Nc6 4. Nf3 a6 5. d3 d5 6. Be2 Nf6 7. O-O Be7 8. Qe1
Nd4 9. Bd1 b5 10. e5 Nxf3+ 11. Bxf3 Nd7 12. Qg3 O-O 13. Bd2 b4 14. Ne2 Bh4 15.
Qh3 Be7 16. g3 Qb6 17. Kh1 Bb7 18. Qg2 Rac8 1/2-1/2

[Event "SK Münster 3 - SC Klein-Berlin Rheine 1"]
[Site "Regionalliga 2017/2018"]
[Date "2018.03.17"]
[Round "7.5"]
[White "Brümmer, Andreas"]
[Black "Korth, Daniel"]
[Result "0-1"]
[WhiteElo "1935"]
[BlackElo "2131"]
[PlyCount "70"]
[EventDate "2018.??.??"]
[SourceDate "2017.09.15"]

1. d4 d5 2. Nf3 Nf6 3. e3 Bg4 4. c4 c6 5. Nc3 e6 6. Qb3 Qb6 7. c5 Qc7 8. Ne5
Bf5 9. f4 Nbd7 10. Be2 Nxe5 11. fxe5 Ne4 12. O-O Be7 13. Nxe4 Bxe4 14. Bd2 O-O
15. Bd3 Bxd3 16. Qxd3 f6 17. exf6 Bxf6 18. e4 dxe4 19. Qxe4 Qd7 20. Bc3 Rad8
21. Rae1 Bxd4+ 22. Bxd4 Qxd4+ 23. Qxd4 Rxd4 24. Rxe6 Rd2 25. b4 Rxf1+ 26. Kxf1
Kf7 27. Re2 Rxe2 28. Kxe2 Ke6 29. Ke3 Kd5 30. Kd3 g5 31. h3 h5 32. g3 a5 33. a3
a4 34. h4 g4 35. Kd2 Kd4 0-1

[Event "SK Münster 3 - SC Klein-Berlin Rheine 1"]
[Site "Regionalliga 2017/2018"]
[Date "2018.03.17"]
[Round "7.6"]
[White "Schröder, Lennart"]
[Black "Kornick, Ulrich"]
[Result "0-1"]
[WhiteElo "1575"]
[BlackElo "1947"]
[PlyCount "42"]
[EventDate "2018.??.??"]
[SourceDate "2017.09.15"]

1. d4 d5 2. c4 dxc4 3. Nc3 c5 4. d5 e5 5. e4 a6 6. a4 Bd6 7. Bxc4 Ne7 8. Nge2
O-O 9. O-O b6 10. f4 exf4 11. Bxf4 Ng6 12. Bxd6 Qxd6 13. Ng3 Nd7 14. Nf5 Qe5
15. h4 Nf6 16. h5 Nf4 17. Ne7+ Qxe7 18. Rxf4 Qe5 19. Rf2 Ng4 20. d6 Qh2+ 21.
Kf1 Ne3+ 0-1

[Event "SK Münster 3 - SC Klein-Berlin Rheine 1"]
[Site "Regionalliga 2017/2018"]
[Date "2018.03.17"]
[Round "7.7"]
[White "Averkamp-Peters, Jens"]
[Black "Hungeling, David"]
[Result "1/2-1/2"]
[WhiteElo "1908"]
[BlackElo "1439"]
[PlyCount "28"]
[EventDate "2018.??.??"]
[SourceDate "2017.09.15"]

1. e4 e6 2. d4 d5 3. e5 c5 4. c3 Nc6 5. Nf3 Qb6 6. Bd3 Bd7 7. O-O cxd4 8. cxd4
Nxd4 9. Nc3 Nc6 10. a3 a6 11. Be3 d4 12. Nxd4 Nxd4 13. Qg4 Qxb2 14. Qxd4 Rc8
1/2-1/2

[Event "SK Münster 3 - SC Klein-Berlin Rheine 1"]
[Site "Regionalliga 2017/2018"]
[Date "2018.03.17"]
[Round "7.8"]
[White "Broszat, Marc"]
[Black "Ratert, Matthias"]
[Result "0-1"]
[WhiteElo "1432"]
[BlackElo "1868"]
[PlyCount "42"]
[EventDate "2018.??.??"]
[SourceDate "2017.09.15"]

1. e4 e5 2. Nf3 Nf6 3. Nxe5 d6 4. Nf3 Nxe4 5. Nc3 Nxc3 6. dxc3 Be7 7. Be3 Nc6
8. Qd2 O-O 9. Bd3 Ne5 10. Nxe5 dxe5 11. O-O-O Be6 12. Kb1 c5 13. c4 Qc7 14. Qe2
a6 15. h4 b5 16. g4 Rab8 17. g5 Qb7 18. Bc1 Rfd8 19. Qh5 e4 20. Be2 bxc4 21. c3
g6 0-1